01074cam a22003251a 4500001001300000003000400013005001700017008004100034010001700075035002000092040004500112042001200157050001800169070002000187072001500207082001200222100001700234245008700251260005800338300002800396490006600424500001900490500004900509504002800558650001400586650002200600700004100622830006800663999001700731agr49000555 DLC20260227111012.0850710s1949 dcua b f000 0 eng c aagr49000555  a(OCoLC)12250233 aU.S. Dept. of Agr. Libr.cDSIdDNALdDLC apremarc00aTS2301.F4bH30 a1bAg84C no.8030 aP000aL100 a636.5141 aHardy, J. I.10aFeathers from domestic and wild fowl /cby John I. Hardy and Thora M. Plitt Hardy. aWashington, D.C. :bU.S. Dept. of Agriculture,c1949. a28 p. :bill. ;c23 cm.1 aCircular / United States Department of Agriculture ;vno. 803 aCaption title. aContribution from Bureau of Animal Industry. aBibliography: p. 27-28. 0aFeathers. 0aFeather industry.1 aHardy, Thora Marggraff Plitt,d1902- 0aCircular (United States. Department of Agriculture) ;vno. 803. c11064d11064